MARC

Tag First Indicator Second Indicator Subfields
LEADER 00000cam a2200000 i 4500
001 in00004635681
006 m o d
007 cr cnu---unuuu
008 211208s2022 enka ob 001 0 eng d
005 20230103223524.2
035 |a (OCoLC)on1287943779 
040 |a JSTOR  |b eng  |e rda  |e pn  |c JSTOR  |d OCLCO  |d OCLCQ  |d YDX  |d OCLCO 
020 |a 9781786805560  |q (electronic bk.) 
020 |a 1786805561  |q (electronic bk.) 
020 |z 0745340075 
020 |z 9780745340074 
020 |z 0745340083 
020 |z 9780745340081 
035 |a (OCoLC)1287943779 
037 |a 22573/ctv24960vs  |b JSTOR 
050 4 |a QA76.9.B45 
072 7 |a TEC  |x 052000  |2 bisacsh 
072 7 |a COM  |x 051300  |2 bisacsh 
072 7 |a COM  |x 053000  |2 bisacsh 
072 7 |a COM  |x 079000  |2 bisacsh 
072 7 |a SOC  |x 015000  |2 bisacsh 
082 0 4 |a 303.4833  |2 23 
049 |a TXAM 
100 1 |a Thatcher, Jim,  |d 1980-  |e author. 
245 1 0 |a Data power :  |b radical geographies of control and resistance /  |c Jim E. Thatcher and Craig M. Dalton. 
264 1 |a London :  |b Pluto Press,  |c 2022. 
300 |a 1 online resource (1 volume) :  |b illustrations 
336 |a text  |b txt  |2 rdacontent 
337 |a computer  |b c  |2 rdamedia 
338 |a online resource  |b cr  |2 rdacarrier 
490 1 |a Radical geography 
504 |a Includes bibliographical references and index. 
588 0 |a Print version record. 
650 0 |a Big data  |x Social aspects. 
650 0 |a Algorithms  |x Social aspects. 
650 0 |a Information technology  |x Social aspects. 
650 6 |a Données volumineuses  |x Aspect social. 
650 6 |a Algorithmes  |x Aspect social. 
650 6 |a Technologie de l'information  |x Aspect social. 
650 7 |a TECHNOLOGY & ENGINEERING  |x Social Aspects.  |2 bisacsh 
650 7 |a Big data  |x Social aspects.  |2 fast  |0 (OCoLC)fst01983622 
650 7 |a Information technology  |x Social aspects.  |2 fast  |0 (OCoLC)fst00973131 
655 7 |a Electronic books.  |2 local 
700 1 |a Dalton, Craig M.,  |e author. 
710 2 |a JSTOR (Organization) 
776 0 8 |i Print version:  |a THATCHER, JIM E. DALTON, CRAIG M.  |t DATA POWER.  |d [Place of publication not identified] : PLUTO PRESS, 2021  |z 0745340075  |w (OCoLC)1240772045 
830 0 |a Radical geography. 
856 4 0 |u https://www.jstor.org/stable/10.2307/j.ctv249sg9w  |z Connect to the full text of this electronic book  |t 0 
955 |a JSTOR Open Access ebooks 
994 |a 92  |b TXA 
999 f f |s be5c8964-d2db-41bf-8504-38fdc86d2f16  |i a7bbf542-7e7d-43b2-96a9-2f7d1cd91f93  |t 0 
952 f f |a Texas A&M University  |b College Station  |c Electronic Resources  |d Available Online  |t 0  |e QA76.9.B45   |h Library of Congress classification 
998 f f |a QA76.9.B45   |t 0  |l Available Online